| Tag |
First Indicator |
Second Indicator |
Subfields |
| LEADER |
00000cam a22000001 4500 |
| 001 |
in00003735721 |
| 005 |
20170926152008.0 |
| 008 |
170112s1931 nyu 000 1 eng |
| 010 |
|
|
|a 31028061
|
| 019 |
|
|
|a 21024158
|a 427569697
|
| 035 |
|
|
|a (OCoLC)ocm00365720
|
| 035 |
|
|
|a 00365720
|
| 035 |
|
|
|a (OCoLC)365720
|z (OCoLC)21024158
|z (OCoLC)427569697
|
| 040 |
|
|
|a DLC
|b eng
|c WSU
|d DLC
|d NLGGC
|d OCLCQ
|d OCLCG
|d BUF
|d SJL
|d GBVCP
|d OCLCF
|d OCLCQ
|d OCLCO
|d TXA
|d UtOrBLW
|
| 049 |
|
|
|a TXAM
|
| 050 |
0 |
0 |
|a PZ3.S123
|b Al2
|a PR6037.A35
|
| 050 |
1 |
4 |
|a S22
|a 4834V
|a 1931
|a A44
|a 1.1
|
| 082 |
0 |
4 |
|a 823.91
|
| 084 |
|
|
|a 18.05
|2 bcl
|
| 090 |
|
|
|a PR6037.A35
|b A44 1931
|
| 100 |
1 |
|
|a Sackville-West, V.
|q (Victoria),
|d 1892-1962.
|0 http://id.loc.gov/authorities/names/n80003934
|
| 245 |
1 |
0 |
|a All passion spent.
|
| 264 |
|
1 |
|a Garden City N.Y. :
|b Doubleday, Doran & Co.,
|c 1931.
|
| 300 |
|
|
|a 294 pages
|c 22 cm
|
| 336 |
|
|
|a text
|b txt
|2 rdacontent
|
| 337 |
|
|
|a unmediated
|b n
|2 rdamedia
|
| 338 |
|
|
|a volume
|b nc
|2 rdacarrier
|
| 500 |
|
|
|a Purchased for the Cushing Library/Lit./Mitchell Collection by The Cushing Library.
|
| 650 |
|
0 |
|a Widows.
|0 http://id.loc.gov/authorities/subjects/sh85146612
|
| 650 |
|
7 |
|a Widows.
|2 fast
|0 (OCoLC)fst01174951
|
| 653 |
|
0 |
|a English fiction
|a 20th century
|
| 653 |
|
0 |
|a English fiction
|a Women authors
|
| 776 |
0 |
8 |
|i Online version:
|a Sackville-West, V. (Victoria), 1892-1962.
|t All passion spent.
|d Garden City N.Y., Doubleday, Doran & Co., 1931
|w (OCoLC)567994521
|
| 948 |
|
|
|a cataloged
|b h
|c 2017/3/29
|d c
|e mkeyser
|f 11:20:39 am
|
| 994 |
|
|
|a C0
|b TXA
|
| 999 |
f |
f |
|s 34001222-96b2-32f3-a06f-f20d387d1f69
|i ac6b0da5-1613-36ef-8e5c-3669a1197e24
|t 0
|
| 952 |
f |
f |
|p noncirc
|a Texas A&M University
|b College Station
|c Cushing Memorial Library & Archives
|d Cushing: Literature/Mitchell (Does not check out)
|t 0
|e PR6037.A35 A44 1931
|h Library of Congress classification
|i unmediated -- volume
|
| 998 |
f |
f |
|a PR6037.A35 A44 1931
|t 0
|l Cushing: Literature/Mitchell (Does not check out)
|